[Event "Catalunya-ch Seniors"]
[Site "Andorra"]
[Date "2006.07.25"]
[Round "8"]
[White "Tey Gali, Josep M"]
[Black "Duran Vallverdu, Juan"]
[Result "1-0"]
[WhiteElo "2008"]
[BlackElo "2040"]
[PlyCount "95"]
[EventDate "2006.07.18"]
[EventType "swiss"]
[EventRounds "9"]
[EventCountry "ESP"]
[SourceTitle "EXT 2019"]
[Source "ChessBase"]
[SourceDate "2018.10.10"]
[SourceVersion "1"]
[SourceVersionDate "2018.10.10"]
[SourceQuality "1"]

1. e4 c5 2. Nc3 Nc6 3. g3 g6 4. Bg2 Bg7 5. Nge2 e6 6. d3 Nge7 7. Be3 b6 8. f4 Bb7 9. e5 d5 10. Nb5 Nc8 11. d4 a6 12. Na3 c4 13. c3 0-0 14. 0-0 b5 15. Nc2 a5 16. b4 axb4 17. cxb4 Qb6 18. Qd2 N8e7 19. Bh3 Ra6 20. Nc3 Rfa8 21. a3 Bf8 22. Qf2 Nc8 23. g4 Nxb4 24. axb4 Rxa1 25. Rxa1 Rxa1+ 26. Nxa1 Bxb4 27. Na2 Bf8 28. f5 b4 29. fxe6 fxe6 30. g5 b3 31. Nc3 b2 32. Nc2 b1Q+ 33. Nxb1 Qxb1+ 34. Kg2 Qb6 35. Qf6 Bg7 36. Bxe6+ Kh8 37. Qf7 Qd8 38. Qxb7 Ne7 39. Nb4 Bxe5 40. dxe5 d4 41. Bxd4 Qxd4 42. Qxe7 Qe4+ 43. Kf2 Qf4+ 44. Ke1 Qxe5+ 45. Kd1 Qa1+ 46. Kc2 Qa4+ 47. Kc3 Qb3+ 48. Kd4 1-0

[Event "Catalunya-ch Seniors"]
[Site "Andorra"]
[Date "2006.07.21"]
[Round "4"]
[White "Tey Gali, Josep M"]
[Black "Sanz Bastos, Fernando"]
[Result "1/2-1/2"]
[WhiteElo "2008"]
[BlackElo "2046"]
[PlyCount "81"]
[EventDate "2006.07.18"]
[EventType "swiss"]
[EventRounds "9"]
[EventCountry "ESP"]
[SourceTitle "EXT 2019"]
[Source "ChessBase"]
[SourceDate "2018.10.10"]
[SourceVersion "1"]
[SourceVersionDate "2018.10.10"]
[SourceQuality "1"]

1. e4 e5 2. Nf3 Nc6 3. Bc4 Nf6 4. Ng5 d5 5. exd5 b5 6. Bb3 Nd4 7. d3 Nxb3 8. axb3 Qxd5 9. Qf3 Bb7 10. Qxd5 Nxd5 11. f3 h6 12. Ne4 f5 13. Ng3 g6 14. Bd2 Bc5 15. Nc3 c6 16. Nxd5 cxd5 17. b4 Bb6 18. b3 0-0-0 19. 0-0-0 e4 20. dxe4 dxe4 21. fxe4 fxe4 22. Nf1 e3 23. Nxe3 Rxd2 24. Kxd2 Rd8+ 25. Ke2 Re8 26. Rd3 Bxg2 27. Rg1 Be4 28. Rc3+ Kb7 29. Rd1 Bxc2 30. Rd7+ Kb8 31. Rxc2 Rxe3+ 32. Kd1 Rxb3 33. Re2 Kc8 34. Rg7 Rxb4 35. Re8+ Bd8 36. Rxa7 Rd4+ 37. Kc2 h5 38. Rg7 Rd6 39. Kb3 Rd2 40. Reg8 Rxh2 41. Rxg6 1/2-1/2

[Event "Barcelona op-B"]
[Site "Barcelona"]
[Date "1998.??.??"]
[Round "3"]
[White "Tey Gali, Josep M"]
[Black "Amat Tarruella, Albert"]
[Result "0-1"]
[WhiteElo "2020"]
[BlackElo "1980"]
[PlyCount "74"]
[EventDate "1998.??.??"]
[EventType "swiss"]
[EventRounds "8"]
[EventCountry "ESP"]
[SourceTitle "EXT 2019"]
[Source "ChessBase"]
[SourceDate "2018.10.10"]
[SourceVersion "1"]
[SourceVersionDate "2018.10.10"]
[SourceQuality "1"]

1. e4 e5 2. Nf3 Nc6 3. Bc4 Bc5 4. 0-0 d6 5. h3 Nf6 6. d3 Be6 7. Nbd2 Qe7 8. a3 Nd4 9. c3 Nxf3+ 10. Qxf3 c6 11. b4 Bb6 12. Bb2 g5 13. Bxe6 Qxe6 14. Nc4 Bc7 15. Ne3 0-0-0 16. Qf5 Rdg8 17. Rfe1 h5 18. g3 Rh6 19. Rad1 Rhg6 20. c4 Ne8 21. d4 Ng7 22. Qxe6+ Rxe6 23. dxe5 dxe5 24. c5 f6 25. Rd3 Re7 26. Red1 Rd8 27. Rxd8+ Bxd8 28. Rd6 Ne8 29. Rd3 Rd7 30. Rxd7 Kxd7 31. Nf5 Be7 32. f3 Bf8 33. Kf2 a6 34. Bc1 Ng7 35. Nxg7 Bxg7 36. Ke3 g4 37. Kd3 gxh3 0-1